Základy pedagogickej diagnostiky (všeobecná teória)

Bibliographic Details
Main Author: Kouteková, Mária, 1948- (Author)
Format: Book
Language:Slovak
PhysicalDescription:119 s. grafy, sch. 21 cm
Published: Banská Bystrica Univerzita Mateja Bela 2007
ISBN:9788080834456
Edition:2. vyd.
Series:Eruditio mores futurum
Subjects:

MARC

LEADER 00000nam a2200000 a 4500
001 vtls009180264
003 SK-MaSNL
005 20260301125258.0
008 240313s2007 xo dl f 000 0 slo
015 |a SNBA2008/02-00872 
020 |a 9788080834456  |q (brož.) 
035 |a 7B6AD682-4B12-44EE-ACAF-B0E5DF9D44D6 
035 |a urn:nbn:sk:snk-amkzsz 
035 |a urn:nbn:sk:snk-am008opb 
040 |a SNK  |b slo  |c SNK  |e AACR2 
041 0 |a slo 
044 |a xo  |c SK 
072 7 |a 37  |x Výchova a vzdelávanie  |2 konspekt 
080 |a 37.013.77  |2 2001 
080 |a 159.9.072.5  |2 2001 
080 |a (048.8)  |2 2001 
100 1 |a Kouteková, Mária,  |d 1948-  |4 aut  |9 235178 
245 1 0 |a Základy pedagogickej diagnostiky  |b (všeobecná teória)  |c Kouteková, Mária 
250 |a 2. vyd. 
260 |a Banská Bystrica  |b Univerzita Mateja Bela  |c 2007 
300 |a 119 s.  |b grafy, sch.  |c 21 cm 
366 |e 100 výt. 
490 1 |a Eruditio mores futurum 
504 |a Bibliogr. s. 104-110 
650 0 7 |a pedagogická diagnostika  |2 SNKPH  |9 4068 
650 0 7 |a psychodiagnostika  |2 SNKPH  |9 69333 
655 7 |a monografie  |2 SNKPH  |9 70139 
810 2 |a Univerzita Mateja Bela v Banskej Bystrici.  |b Pedagogická fakulta  |t Eruditio mores futurum  |9 174122 
919 |a 978-80-8083-445-6 
958 |a NB 
958 |a OND 
968 |d 37 
999 |c 741997  |d 743927 
952 |a SNK  |b SNK  |y PREZ  |7 0  |p 17A0578748  |o snkSC 130665  |i snk2008/2752  |8 0  |0 0  |1 0  |4 0  |d 2008-02-01  |f 1  |l 0  |r 2025-06-19 00:00:00  |w 2026-02-23 
952 |a SNK  |b SNK  |y VYP  |7 0  |p 17A0578749  |o snkSC 130665 D1  |i snk2008/2753  |8 0  |0 0  |1 0  |4 0  |d 2008-02-01  |l 0  |r 2026-02-23 23:03:36  |w 2026-02-23